00872 a2200169 4500003000500000005001700005020001500022040000900037082001400046100002000060245005600080250001100136260002800147300001100175505047900186650003700665Nust20221024101556.0 a8173194289 cNust a621.3,DUB aDubey, Gopal K. aFundamentals of electrical drives /cGopal K. Dubey a2nd ed a2001bNarosacNew Delhi a392 p. aElectrical Drives – An Introduction (Page-1), Dynamic of Electrical Drives (Page-11), Control of Electrical Drives (Page-32), Selection of Motor Power Rating (Page-44), DC Motor Drives (Page-60), Induction Motor Drives (Page-140), Stepper Motor and Switched Reluctance Motor Drives (Page-280), Solar and Battery Powered Drives (Page-297), Traction Drives (Page-305), Energy Conservation in Electrical Drives (Page-355), Electrical Drive System and Components (Page-365).  aFundamental of electrical drives